Sports Quiz

Random Sports or Celebrity Quiz

Athletes in Commercials Quiz Stats

 Plays Quiz Updated Feb 7, 2016

Also try: Athletes Close Up
Challenge
Share
Tweet
Score 0/20 Timer 07:00
5 Plays Today
% Correct
Tiger Woods
96.7%
Michael Jordan
96.3%
Peyton Manning
90.9%
Kobe Bryant
88.7%
Hulk Hogan
86%
Serena Williams
80.9%
Usain Bolt
80.8%
Aaron Rodgers
74.5%
Tony Hawk
73.8%
James Harden and Jeremy Lin
72.5%
% Correct
Keith and Wayne Gretzky
71.7%
J.J. Watt
71.5%
Ray Lewis
69.8%
Phil Mickelson
68%
Cristiano Ronaldo
66.4%
David Ortiz and Jorge Posada
66.3%
Jeff Gordon
63.4%
Lionel Messi
57.5%
Dikembe Mutombo
56.2%
Joe Greene
55.1%

You're not logged in!

Compare scores with friends on all Sporcle quizzes.
OR
Log In

You Might Also Like...

Show Comments

Extras

Top Quizzes Today


Score Distribution

Your Account Isn't Verified!

In order to create a playlist on Sporcle, you need to verify the email address you used during registration. Go to your Sporcle Settings to finish the process.

Report this User

Report this user for behavior that violates our Community Guidelines.

Details: